| 000 | 00902cam a2200265 a 4500 | ||
|---|---|---|---|
| 003 | CO-ViMGA | ||
| 005 | 20230915233553.0 | ||
| 008 | 971229r19991996sp ab r 00000 spa d | ||
| 020 | _a8449402697 | ||
| 040 |
_aCO-ViMGA _bspa _cCO-ViMGA |
||
| 043 | _as-ck--- | ||
| 082 | 0 | 4 |
_aR912.86 _bA75a3 _219 ed. |
| 245 | 0 | 0 |
_aAtlas geográfico universal y de Colombia / _cdirección Carlos Gispert ; maquetación Mercedes Clarós. |
| 250 | _aEdición Ana Biosca, Andrés Merino. | ||
| 260 |
_aBarcelona : _bOceano Grupo Editorial, _c1996. |
||
| 300 |
_axlviii, 428 p. : _bil., mapas ; _c28 cm. |
||
| 650 | 1 | 4 |
_aAtlas colombianos. _910324 |
| 650 | 6 |
_aGeografía universal. _910811 |
|
| 651 |
_aColombia _v Mapas. _9312 |
||
| 700 | 1 |
_aBiosca, Ana, _eed. _910813 |
|
| 700 | 1 |
_aClarós, Mercedes. _910812 |
|
| 700 | 1 |
_aGispert, Carlos. _9597 |
|
| 700 | 1 |
_aMerino, Andrés, _eed. _910814 |
|
| 942 |
_2ddc _cREF |
||
| 999 |
_c36827 _d36827 |
||